Score 0/17 Timer 06:00
1 Play Today
Year Movie Title % Correct
1991The Silence of the Lambs
96.1%
1993Philadelphia
55.9%
2008Rachel Getting Married
37.1%
1986Something Wild
35.2%
1988Married to the Mob
33.8%
2004The Manchurian Candidate
31.1%
2015Ricki and the Flash
27.8%
1980Melvin and Howard
26.2%
1998Beloved
26.2%
Year Movie Title % Correct
1974Caged Heat
21.8%
2002The Truth About Charlie
21.1%
1984Swing Shift
19.8%
1977Handle with Care
16.2%
1975Crazy Mama
16.1%
1979Last Embrace
15.2%
2013A Master Builder
14.7%
1976Fighting Mad
12.7%
Remove Ads.
Support Sporcle.
Get the best of Sporcle when you Go Orange. This ad-free experience offers more features, more stats, and more fun while also helping to support Sporcle. Thank you for becoming a member.

You're not logged in!

Compare scores with friends on all Sporcle quizzes.
OR
Log In

Show Comments

Extras

Top Quizzes Today


Score Distribution

Your Account Isn't Verified!

In order to create a playlist on Sporcle, you need to verify the email address you used during registration. Go to your Sporcle Settings to finish the process.

Report this User

Report this user for behavior that violates our Community Guidelines.

Details: